| 000 | 00618nam a22001937a 4500 | ||
|---|---|---|---|
| 999 |
_c4641 _d4641 |
||
| 003 | AR-CdUCM | ||
| 008 | 190311b ||||| |||| 00| 0 spa d | ||
| 040 |
_aMUNICIPALIDAD PROVINCIAL DEL CUSCO _cBIBLIOTECA MUNICIPAL DEL CUSCO |
||
| 082 |
_a869.564 / _bC562 |
||
| 100 |
_aChocano, José Santos _911262 |
||
| 245 | _aSus mejores poemas / | ||
| 260 |
_aLima : _bParacas, _c1962. |
||
| 300 |
_a97 páginas ; _c18 cm. |
||
| 500 | _aDonación familia Nieto. Vida y obra de José Santos Chocano por Francisco Bendezu. | ||
| 650 |
_aPoesías peruanas _91481 |
||
| 650 |
_aSiglo XX _98 |
||
| 942 |
_2ddc _cLIBROS |
||
| 945 | _aafb | ||